|
|
|
|
| LEADER |
00850nam a2200241 i 4500 |
| 001 |
misc55761 |
| 005 |
20230201094430.0 |
| 008 |
200507s1971 hu o 0|| eng d |
| 040 |
|
|
|a SZTE Miscellanea Repozitórium
|b hun
|
| 041 |
|
|
|a eng
|
| 041 |
|
|
|a rus
|
| 041 |
|
|
|a per
|
| 100 |
1 |
|
|a Apor Éva
|
| 245 |
1 |
4 |
|a The Persian manuscripts of the Vámbéry-bequest
|h [elektronikus dokumentum] /
|c Apor Éva
|
| 260 |
|
|
|a A Magyar Tudományos Akadémia Könyvtára
|b Budapest
|c 1971
|
| 300 |
|
|
|a 19
|
| 490 |
0 |
|
|a A Magyar Tudományos Akadémia Könyvtárának kiadványai
|v 62
|
| 561 |
|
|
|a Németh Gyula hagyaték
|
| 650 |
|
4 |
|a Bölcsészettudományok
|
| 650 |
|
4 |
|a Történettudomány és régészet
|
| 650 |
|
4 |
|a Nyelvek és irodalom
|
| 695 |
|
|
|a Kéziratkatalógus - perzsa
|
| 856 |
4 |
0 |
|u http://misc.bibl.u-szeged.hu/55761/1/122_nop_a72.pdf
|z Dokumentum-elérés
|